Т. 3 : Тектоника; Геологическое строение СССР

Dades bibliogràfiques
Parent link:Геологическое строение СССР: [сборник статей]/ Всесоюзный научно-исследовательский геологический институт (ВСЕГЕИ). Т. 3 : Тектоника.— , 1958-
Altres autors: Марковский А. П. (редактор)
Idioma:rus
Publicat: 1958
Matèries:
Format: MixedMaterials Llibre
KOHA link:https://koha.lib.tpu.ru/cgi-bin/koha/opac-detail.pl?biblionumber=275998

MARC

LEADER 00000nam2a2200000 4500
001 275998
005 20231101234858.0
035 |a (RuTPU)RU\TPU\book\299251 
035 |a RU\TPU\book\49275 
090 |a 275998 
100 |a 20141118d1958 k y0rusy50 ca 
101 0 |a rus 
102 |a RU 
105 |a af z 000zy 
200 0 |a Т. 3 : Тектоника  |f отв. ред. А. П. Марковский 
210 |d 1958 
215 |a 384 с.  |c ил. 
461 1 |0 (RuTPU)RU\TPU\book\49199  |t Геологическое строение СССР  |o [сборник статей]  |f Всесоюзный научно-исследовательский геологический институт (ВСЕГЕИ)  |v Т. 3 : Тектоника  |d 1958- 
606 1 |a Геология  |y СССР  |2 stltpush  |3 (RuTPU)RU\TPU\subj\6121  |9 34079 
610 1 |a СССР 
610 1 |a горные породы 
610 1 |a Русская платформа 
610 1 |a Сибирская платформа 
610 1 |a алданский щит 
610 1 |a протерозой 
610 1 |a складчатые области 
610 1 |a палеозой 
610 1 |a мезозой 
610 1 |a тектоника 
610 1 |a архейский этап 
610 1 |a протерозой 
610 1 |a протерозойская эра 
610 1 |a мезозойская эра 
610 1 |a новейшее время 
675 |a 55(47+57)  |v 3 
702 1 |a Марковский  |b А. П.  |4 340 
801 1 |a RU  |b 63413507  |c 20030203  |g PSBO 
801 2 |a RU  |b 63413507  |c 20150123  |g PSBO 
942 |c BK